Library Logo

Pioneer International University Library Catalogue

Practical communication (Record no. 4086)

MARC details
000 -LEADER
fixed length control field 00248nam a22000977a 4500
005 - DATE AND TIME OF LATEST TRANSACTION
control field 20250901165437.0
008 - FIXED-LENGTH DATA ELEMENTS--GENERAL INFORMATION
fixed length control field 210401b ||||| |||| 00| 0 eng d
050 ## - LIBRARY OF CONGRESS CALL NUMBER
Classification number HD30.3 .B47 1979
245 ## - TITLE STATEMENT
Title Practical communication
Statement of responsibility, etc. BERGIN, FRANCIS J.
942 ## - ADDED ENTRY ELEMENTS (KOHA)
Source of classification or shelving scheme Library of Congress Classification
Holdings
Withdrawn status Lost status Source of classification or shelving scheme Damaged status Not for loan Home library Current library Shelving location Date acquired Total checkouts Full call number Barcode Date last seen Price effective from Koha item type
    Library of Congress Classification     Main Library Main Library   04/01/2021   HD30.3 .B47 1979 PIU0001241 04/01/2021 04/01/2021 Books